| 000 | 00520nam a2200193Ia 4500 | ||
|---|---|---|---|
| 003 | OSt | ||
| 005 | 20260216151021.0 | ||
| 008 | 210210b1946 xxu||||| |||| 00| 0 eng d | ||
| 040 | _cAL | ||
| 041 | _aHindi | ||
| 082 | _a465/74 | ||
| 100 |
_aSRIVASTAVA (P) _dश्रीवास्तव (पी) _9255102 |
||
| 245 |
_aPatrakar-kala _bपत्रकार कला |
||
| 260 |
_aAllahabad _b- _c1946 |
||
| 650 |
_aPatrakar-kala _9255103 |
||
| 690 |
_aHindi Grammar _9255104 |
||
| 906 | _a006908 | ||
| 942 |
_2ddc _cBK |
||
| 999 |
_c140989 _d140989 |
||